| 000 | 00493nam a22001817a 4500 | ||
|---|---|---|---|
| 003 | KOHA_MİRAKIL | ||
| 005 | 20251221122150.0 | ||
| 008 | 251221b tu ||||| |||| 00| 0 tur d | ||
| 020 | _a9786258352818 | ||
| 040 |
_aTR-AnABB _btur _cTR-AnABB |
||
| 041 | _atur | ||
| 082 |
_a956.94 _bTUB 2023 |
||
| 245 | 1 | 0 | _aTÜBA Filistin - İsrail Savaşı raporu / |
| 260 |
_aAnkara : _bTürkiye Bilimler Akademisi, _c2023 |
||
| 300 | _a51 sayfa ; | ||
| 650 | 0 | 4 | _aFilistin sorunu |
| 942 |
_2ddc _cBK |
||
| 999 |
_c9815 _d9815 |
||
| 900 | _bGizem YORULMAZ | ||